| 000 | 01123nam a2200325Ic 4500 | ||
|---|---|---|---|
| 001 | 58492 | ||
| 003 | CO-BoRNBP | ||
| 005 | 20250825143629.0 | ||
| 007 | ta | ||
| 008 | 161213s2016 ck a g 000 0 spa | ||
| 020 | _a9789585944534 | ||
| 040 |
_aCO-BoRNBP _bspa _erda _cCO-BoRNBP |
||
| 041 | _aspa | ||
| 084 | _aC | ||
| 100 |
_aSerrano, Lucía, _d1983- _eaut _92324 |
||
| 245 | 1 | 3 |
_aEl más suertudo / _cLucía Serrano. |
| 250 | _aEdición especial | ||
| 264 | 1 |
_aBogotá, Colombia : _bDistribuidora Comercial Didáctica, _c2016 |
|
| 300 |
_a[16] páginas sin numerar : _bilustraciones a color |
||
| 336 |
_atexto _btxt _2rdacontent |
||
| 337 |
_asin mediación _bn _2rdamedia |
||
| 338 |
_avolumen _bnc _2rdacarrier |
||
| 490 | 0 | _aPlan Nacional de Lectura y Escritura Leer es mi Cuento. 2016 | |
| 521 | _aRecomendado para niños de 2 a 4 años | ||
| 650 | 0 | 4 |
_aCuentos infantiles españoles _ySiglo XX _2LEMB _9928 |
| 650 | 0 | 7 |
_aLibros ilustrados para niños _2LEMB _92001 |
| 650 | 0 | 4 |
_aLiteratura infantil española _ySiglo XX _2LEMB _9845 |
| 650 | 0 | 7 |
_aMadre e hijo en la literatura _2lemb _963343 |
| 942 |
_2loc _cBKINF |
||
| 999 |
_c58492 _d58492 |
||